|
|
|
|
| LEADER |
00000cas a2200000 a 4500 |
| 001 |
vtls008881512 |
| 003 |
SK-MaSNL |
| 005 |
20260425194215.0 |
| 008 |
150701d20002002xo fr|p 0 0 b0slo c |
| 035 |
|
|
|a (SVKBB03)vtls000087313
|
| 040 |
|
|
|a SVKBB
|b slo
|c SVKBB
|d SNK
|e AACR2
|
| 041 |
0 |
|
|a slo
|a cze
|
| 043 |
|
|
|a e-xo---
|
| 044 |
|
|
|a xo
|c SK
|
| 072 |
|
7 |
|a 329
|x Politické strany a hnutia
|2 konspekt
|
| 072 |
|
7 |
|a 316.3
|x Globálne spoločnosti. Sociálna štruktúra. Sociálne skupiny
|2 konspekt
|
| 080 |
|
|
|a 050
|2 2001
|
| 080 |
|
|
|a 329.11
|2 2001
|
| 080 |
|
|
|a 316.3
|2 2001
|
| 080 |
|
|
|a 32
|2 2001
|
| 080 |
|
|
|a (437.6)
|2 2001
|
| 245 |
0 |
0 |
|a Konzervatívne pohľady na spoločnosť a politiku
|
| 246 |
1 |
8 |
|a Konzervatívne pohľady
|
| 260 |
|
|
|a Bratislava
|b Konzervatívny inštitút M. R. Štefánika
|c 2000-2002
|
| 300 |
|
|
|a 3 zv.
|c 25 cm
|
| 310 |
|
|
|a 2x ročne
|
| 362 |
0 |
|
|a Roč. I, č. jeseň-zima (2000)-roč. III, č. 2 (2002)
|
| 500 |
|
|
|a Šéfredaktor: Oleg Pastier
|
| 515 |
|
|
|a Čísla označené aj jar-leto, jeseň-zima
|
| 546 |
|
|
|a Čiast. text aj čes.
|
| 650 |
0 |
7 |
|a konzervativizmus
|2 SNKPH
|9 4821
|
| 650 |
0 |
7 |
|a spoločnosť
|2 SNKPH
|9 1013
|
| 650 |
0 |
7 |
|a politika
|2 SNKPH
|9 968
|
| 651 |
|
7 |
|a Slovensko
|2 SNKPH
|9 14231
|
| 655 |
|
7 |
|a špecializované časopisy
|2 SNKPH
|9 70509
|
| 700 |
1 |
|
|a Pastier, Oleg,
|d 1952-2018
|4 pbd
|9 176299
|
| 856 |
4 |
|
|u http://www.konzervativizmus.sk/section.php?konzpohlady
|
| 910 |
|
|
|a snk
|
| 916 |
|
|
|a 2000-2002
|
| 958 |
|
|
|a OND
|
| 999 |
|
|
|c 7035
|d 8965
|
| 952 |
|
|
|t č. 1
|a SNK
|b SNK
|y PREZ
|7 0
|p 17A0679181
|o snkČSC 3483/1/2000
|i snk2011/18616
|8 0
|f 1
|0 0
|1 0
|4 0
|d 2011-09-08
|l 0
|r 2026-02-21 20:17:10
|w 2026-02-21
|
| 952 |
|
|
|t č. 1
|a SNK
|b SNK
|y PREZ
|7 0
|p 17A0679182
|o snkČSC 3483/1/2000 D1
|i snk2011/18617
|8 0
|0 0
|1 0
|4 0
|d 2011-09-08
|l 0
|r 2026-02-21 20:17:10
|w 2026-02-21
|
| 952 |
|
|
|t č. 1-2
|a SNK
|b SNK
|y PREZ
|7 0
|p 17A0679183
|o snkČSC 3483/2/2001
|i snk2011/18631
|8 0
|f 1
|0 0
|1 0
|4 0
|d 2011-09-08
|l 0
|r 2026-02-21 20:17:10
|w 2026-02-21
|
| 952 |
|
|
|t č. 1-2
|a SNK
|b SNK
|y PREZ
|7 0
|p 17A0679184
|o snkČSC 3483/2/2001 D1
|i snk2011/18632
|8 0
|0 0
|1 0
|4 0
|d 2011-09-08
|l 0
|r 2026-02-21 20:17:10
|w 2026-02-21
|
| 952 |
|
|
|t č. 1-2, neúplné
|a SNK
|b SNK
|y PREZ
|7 0
|p 17A0679185
|o snkČSC 3483/3/2002
|i snk2011/18633
|8 0
|z Chýba č. 1.
|f 1
|0 0
|1 0
|4 0
|d 2011-09-08
|l 0
|r 2026-02-21 20:17:11
|w 2026-02-21
|
| 952 |
|
|
|t č. 1-2, neúplné
|a SNK
|b SNK
|y PREZ
|7 0
|p 17A0679186
|o snkČSC 3483/3/2002 D1
|i snk2011/18635
|8 0
|z Chýba č. 1.
|0 0
|1 0
|4 0
|d 2011-09-08
|l 0
|r 2026-02-21 20:17:12
|w 2026-02-21
|